000 00666nam a2200193Ia 4500
999 _c7957
_d7957
003 OSt
005 20200122112109.0
008 190216s9999||||xx |||||||||||||| ||und||
020 _a9781259029196
020 _a1259029190
040 _coclc
082 _a658.872
_bALP/M
100 _aAlpert, Jed
_91365
245 4 _aThe Mobile Marketing Revolution : how your brand have a one-to-one conversation with everyone /
_cJed Alpert
260 _bTata Mcgraw-Hill Education Private Limited,
_c2012.
_aNew Delhi:
300 _a223p
650 _vElectronic Commerce
_xCommunication in marketing
942 _cBK
_2ddc
_h658.872
_iALP/M
_k658.872
_mALP/M